000
00287nam a2200109Ia 4500
008
200302s9999 xx 000 0 und d
100
_a
Jeon, Mi-Sook
245
_a
Exhibition / Education / Government Facilities Vol 4
260
_b
Archiworld Co., Ltd.
260
_c
2003
300
_a
251 P.,
999
_c
5592
_d
5592